000 00565nam a2200229Ia 4500
003 OSt
005 20220926043548.0
006 a|||||r|||| 00| 0
007 ta
008 220923b |||||||| |||| 00| 0 eng d
037 _cGeneral Book
040 _aRTL
_cRTL
_beng
041 _2eng
_aeng
082 _aU11, J8
100 _aLockey B
_9347923
245 0 _aInterpretaiton of ordance survey maps and geograph
250 _a5th
260 _c1958
650 _aGeography
942 _hU11, J8
_cGB
_2CC
999 _c672633
_d672633